| 000 | 00954nam a2200277 a 4500 | ||
|---|---|---|---|
| 001 | BRCA_7511 | ||
| 005 | 20190320205851.0 | ||
| 008 | 090513s1919----gw-a###f##---#001-0#ger-# | ||
| 041 | _ager | ||
| 044 | _agw | ||
| 050 | 4 |
_aNB615 _b.S38 1919 |
|
| 100 | 1 |
_aSchubring, Paul _918520 |
|
| 245 | 1 | 0 |
_aDie Italienische plastik des Quattrocento _cvon Paul Schubring ; begründet von Fritz Burger ; herausgegeben von A. E. Brinckmann. |
| 260 |
_aAlemania _bAkademische Verlagsgesellschaft Athenaion _c1919 |
||
| 300 |
_a282 p. _bil. (algunas a color), 11 láminas _c29 cm. |
||
| 440 | 0 |
_aHandbuch der Kunstwissensschaft _918521 |
|
| 500 | _aIncluye índice onomástico e índice de ilustraciones | ||
| 500 | _aR52 | ||
| 650 | 1 | 4 |
_aEscultura italiana _918522 |
| 650 | 1 | 4 |
_aEscultura _xHistoria _93347 |
| 650 | 1 | 4 |
_aEscultores italianos _97653 |
| 700 | 1 |
_aBurger, Fritz _918523 |
|
| 700 | 1 |
_aBrinckmann, A. E. _eed. _918524 |
|
| 902 | _aGFM | ||
| 942 |
_2lcc _cB |
||
| 999 |
_c7185 _d7185 |
||